| 000 | 01236nam a2200265 a 4500 | ||
|---|---|---|---|
| 003 | AM-YEHGA | ||
| 005 | 20250618080103.0 | ||
| 008 | 101214s2011 ai ||||gr|||||000|||arm|| | ||
| 020 | _a9789994123759 | ||
| 040 | _aAM-YeHGA | ||
| 041 | 0 | _aarm | |
| 100 | 1 |
_aՄանասյան, Ալեքսանդր Սարգսի, _d1940- _93880 |
|
| 245 | 1 | 0 |
_aԼեռնային Ղարաբաղ. Ինչպես է դա եղել ... / _cԱ. Մանասյան ; Ա. Ղևոնդյան ; Խմբ.՝ Ա. Ճաղարյան. |
| 260 |
_aԵրևան : _bՀանրային կապերի և տեղեկատվության կենտրոն, _c2011. |
||
| 300 |
_a164 էջ : _bլուսանկ., քարտեզ ; _c21 սմ. |
||
| 500 | _aԳրքի թվային տարբերակը ներբեռնվել է ԵՊՀ կայքից: | ||
| 650 | 1 | 4 |
_aՊետություն և իրավունք _xՓաստական նյութեր |
| 650 | 1 | 4 |
_aՀայ ժողովրդի պատմություն _xՂարաբաղյան հակամարտություն |
| 700 | 1 | _aՂևոնդյան, Ալեն | |
| 700 | 1 |
_aՃաղարյան, Արտակ _eխմբ. _4edt |
|
| 856 | 4 | 1 |
_uhttp://haygirk.nla.am/upload/1941-/karabagh_2011.pdf _yԿարդալ առցանց |
| 942 |
_2udc _cBK |
||
| 001 | 812531 | ||
| 090 | _c563714 | ||
| 999 |
_c526132 _d526132 |
||